Развитие просвещения и педагогической мысли в Казахстане во второй половине 19 века / (Record no. 488476)
[ view plain ]
| 000 -LEADER | |
|---|---|
| fixed length control field | 01039nam a2200205 a 4500 |
| 001 - CONTROL NUMBER | |
| control field | 000012829 |
| 003 - CONTROL NUMBER IDENTIFIER | |
| control field | AM-YeHGA |
| 005 - DATE AND TIME OF LATEST TRANSACTION | |
| control field | 20250617162402.0 |
| 008 - FIXED-LENGTH DATA ELEMENTS--GENERAL INFORMATION | |
| fixed length control field | 030314s1958 ||||||||||||||||||||rus d |
| 040 ## - CATALOGING SOURCE | |
| Original cataloging agency | AM-YeHGA |
| 090 ## - LOCALLY ASSIGNED LC-TYPE CALL NUMBER (OCLC); LOCAL CALL NUMBER (RLIN) | |
| -- | 491845 |
| 100 1# - MAIN ENTRY--PERSONAL NAME | |
| Personal name | Тажибаев, Тулеген Тажибаевич |
| 245 10 - TITLE STATEMENT | |
| Title | Развитие просвещения и педагогической мысли в Казахстане во второй половине 19 века / |
| Statement of responsibility, etc. | Т.Т. Тажибаев ; Под ред. С.Б. Баишева ; АН КазССР. |
| 260 ## - PUBLICATION, DISTRIBUTION, ETC. | |
| Place of publication, distribution, etc. | Алма-Ата : |
| Name of publisher, distributor, etc. | Изд-во АН КазССР, |
| Date of publication, distribution, etc. | 1958. |
| 300 ## - PHYSICAL DESCRIPTION | |
| Extent | ч. |
| 505 10 - FORMATTED CONTENTS NOTE | |
| Miscellaneous information | Ч. 1 (1958, 97 с.) |
| Title | Социально-экономические предпосылки развития просвещения и педагогической мысли в Казахстане |
| 650 14 - SUBJECT ADDED ENTRY--TOPICAL TERM | |
| Topical term or geographic name entry element | Народное образование |
| 700 1# - ADDED ENTRY--PERSONAL NAME | |
| Personal name | Баишев, С.Б. |
| Relator term | ред. |
| Relationship | edt |
| 710 2# - ADDED ENTRY--CORPORATE NAME | |
| Corporate name or jurisdiction name as entry element | Академия наук Казахской ССР |
| Withdrawn status | Lost status | Source of classification or shelving scheme | Damaged status | Not for loan | Collection | Home library | Current library | Date acquired | Serial enumeration / chronology | Total checkouts | Full call number | Barcode | Date last seen | Price effective from | Koha item type | Public note |
|---|---|---|---|---|---|---|---|---|---|---|---|---|---|---|---|---|
| Universal Decimal Classification | General | Fundamental Scientific Library | Fundamental Scientific Library | 20/02/2019 | Ч. 1 | РД II/42868 | FL0553666 | 20/02/2019 | 20/02/2019 | Գրքեր / Books | 30 Days Load | |||||
| Universal Decimal Classification | General | Fundamental Scientific Library | Fundamental Scientific Library | 20/02/2019 | Ч. 1 | РД II/42869 | FL0553667 | 20/02/2019 | 20/02/2019 | Գրքեր / Books | 30 Days Load |
ՀՀ Գիտությունների ազգային ակադեմիայի հիմնարար գիտական գրադարան = Fundamental Scientific Library of NAS RA
All site content, except where otherwise noted, is licensed under a